[Event "Las Palmas Insular-chT Segunda 1718"]
[Site "Las Palmas"]
[Date "2018.01.20"]
[Round "6.2"]
[White "Mengibar Martinez, Manuel"]
[Black "Falcon Diaz, Francisco Samuel"]
[Result "0-1"]
[WhiteElo "1642"]
[BlackElo "1630"]
[PlyCount "41"]
[EventDate "2017.10.28"]
[EventType "team-swiss"]
[EventRounds "9"]
[EventCountry "ESP"]
[SourceTitle "EXT 2019"]
[Source "ChessBase"]
[SourceDate "2018.10.10"]
[SourceVersion "1"]
[SourceVersionDate "2018.10.10"]
[SourceQuality "1"]
[WhiteTeam "San Mateo Servitel"]
[BlackTeam "Guia Univac II"]
[WhiteTeamCountry "ESP"]
[BlackTeamCountry "ESP"]

1. e4 c5 2. Nf3 e6 3. d4 cxd4 4. Nxd4 a6 5. Bc4 Nc6 6. Bb3 Bc5 7. Be3 Ba7 8. Nxc6 bxc6 9. Bxa7 Rxa7 10. Qd4 Qg5 11. Qxa7 Qc1+ 12. Ke2 Qxh1 13. Qb8 Ne7 14. Qg3 Qc1 15. Qc3 Qf4 16. Nd2 Qxh2 17. g3 Qh5+ 18. Qf3 Qg6 19. Rh1 d6 20. Nc4 e5 21. Rd1 0-1

[Event "Las Palmas Insular-chT Segunda 1718"]
[Site "Las Palmas"]
[Date "2018.01.13"]
[Round "5.2"]
[White "Mengibar Martinez, Manuel"]
[Black "Sanabria Taskila, Jenny Maria"]
[Result "1-0"]
[WhiteElo "1642"]
[BlackElo "1683"]
[PlyCount "145"]
[EventDate "2017.10.28"]
[EventType "team-swiss"]
[EventRounds "9"]
[EventCountry "ESP"]
[SourceTitle "EXT 2019"]
[Source "ChessBase"]
[SourceDate "2018.10.10"]
[SourceVersion "1"]
[SourceVersionDate "2018.10.10"]
[SourceQuality "1"]
[WhiteTeam "San Mateo Servitel"]
[BlackTeam "Telde Los Llanos II"]
[WhiteTeamCountry "ESP"]
[BlackTeamCountry "ESP"]

1. e4 c5 2. Nf3 e6 3. d4 cxd4 4. Nxd4 a6 5. Nc3 b5 6. a3 Bb7 7. Be2 d6 8. 0-0 Nf6 9. Bf3 Nbd7 10. Re1 Qc7 11. Nde2 Be7 12. Ng3 0-0 13. Bf4 Rfd8 14. Qe2 Ne5 15. Bxe5 dxe5 16. Rad1 Bc5 17. Nb1 Rac8 18. c3 Bb6 19. Rxd8+ Rxd8 20. Rd1 Rxd1+ 21. Qxd1 Nd7 22. Nd2 Nc5 23. Nb3 Na4 24. Qc2 a5 25. Be2 Qc6 26. Kf1 f5 27. Bd3 f4 28. Ne2 Nc5 29. Nxc5 Qxc5 30. Ng1 Ba7 31. Nf3 h6 32. b4 axb4 33. axb4 Qd6 34. Bxb5 Ba6 35. Be2 Qb6 36. Bxa6 Qxa6+ 37. Qe2 Qc6 38. Qd3 Qb6 39. Qe2 Qc6 40. Qe1 Qb5+ 41. Kg1 Bb6 42. h3 Bc7 43. Nd2 Qd3 44. Nb3 f3 45. Nc1 Qd8 46. g4 Qh4 47. Kh2 h5 48. Qg1 hxg4 49. Qg3 Qh6 50. Nb3 gxh3 51. Qxf3 Qh4 52. c4 Bd8 53. Nc5 Be7 54. Nd3 Bg5 55. c5 Bd8 56. b5 g5 57. b6 g4 58. Qg3 Qg5 59. Qxe5 Qd2 60. Qxe6+ Kf8 61. Qd7 g3+ 62. Kxg3 Qg5+ 63. Kxh3 Qh4+ 64. Kg2 Qxe4+ 65. Kf1 Qh1+ 66. Ke2 Qe4+ 67. Kd1 Qf3+ 68. Kc2 Qe2+ 69. Kb3 Qd1+ 70. Kc4 Qc2+ 71. Kb5 Qb3+ 72. Nb4 Be7 73. b7 1-0

[Event "Las Palmas Insular-chT Segunda-A 1617"]
[Site "Las Palmas"]
[Date "2017.02.18"]
[Round "11.2"]
[White "Mengibar Martinez, Manuel"]
[Black "Jablanovic, Milos"]
[Result "1-0"]
[WhiteElo "1608"]
[BlackElo "1425"]
[PlyCount "77"]
[EventDate "2016.10.22"]
[EventType "team-tourn"]
[EventRounds "14"]
[EventCountry "ESP"]
[SourceTitle "EXT 2018"]
[Source "ChessBase"]
[SourceDate "2017.10.13"]
[SourceVersion "1"]
[SourceVersionDate "2017.10.13"]
[SourceQuality "1"]
[WhiteTeam "San Mateo Servitel"]
[BlackTeam "Mogan II"]
[WhiteTeamCountry "ESP"]
[BlackTeamCountry "ESP"]

1. e4 e5 2. Nf3 Nc6 3. Bb5 d6 4. d4 Bd7 5. d5 Nce7 6. Bxd7+ Qxd7 7. 0-0 f5 8. Nc3 Nf6 9. exf5 Nxf5 10. Ng5 Be7 11. Ne6 c6 12. Ng5 0-0 13. Qd3 h6 14. Ne6 e4 15. Nxf8 Rxf8 16. Nxe4 Nxd5 17. c3 Nc7 18. Ng3 d5 19. Nxf5 Rxf5 20. Be3 c5 21. Rad1 c4 22. Qxc4 Rh5 23. Qe2 Re5 24. Rd3 Ne6 25. Qd2 Bd6 26. g3 Nc7 27. Bf4 Rh5 28. Bxd6 Qxd6 29. c4 Qd7 30. f4 Qh3 31. cxd5 Ne8 32. Qg2 Qd7 33. g4 Rh4 34. h3 Nf6 35. Qg3 Qb5 36. Rdf3 Qc5+ 37. Kh1 Nxg4 38. Qxh4 Ne3 39. Qf2 1-0

[Event "Las Palmas Insular-chT Segunda-A 1617"]
[Site "Las Palmas"]
[Date "2017.01.21"]
[Round "9.1"]
[White "Perez Bolanos, David"]
[Black "Mengibar Martinez, Manuel"]
[Result "1-0"]
[WhiteElo "1396"]
[BlackElo "1608"]
[PlyCount "105"]
[EventDate "2016.10.22"]
[EventType "team-tourn"]
[EventRounds "14"]
[EventCountry "ESP"]
[SourceTitle "EXT 2018"]
[Source "ChessBase"]
[SourceDate "2017.10.13"]
[SourceVersion "1"]
[SourceVersionDate "2017.10.13"]
[SourceQuality "1"]
[WhiteTeam "Sociedad La Montana Juvenil"]
[BlackTeam "San Mateo Servitel"]
[WhiteTeamCountry "ESP"]
[BlackTeamCountry "ESP"]

1. d4 Nf6 2. c4 g6 3. Nc3 Bg7 4. e4 d6 5. f4 0-0 6. Nf3 c5 7. d5 Na6 8. e5 dxe5 9. Nxe5 Bf5 10. g4 Be4 11. Nxe4 Nxe4 12. Bd3 Nd6 13. Be3 Nb4 14. Be2 Qa5 15. Bd2 Ne4 16. a3 Nxd2 17. axb4 Nf3+ 18. Bxf3 Qxb4+ 19. Qd2 Qxd2+ 20. Kxd2 b6 21. Kc2 g5 22. d6 Rac8 23. dxe7 Rfe8 24. Rxa7 gxf4 25. Bc6 Bxe5 26. Bxe8 Rxe8 27. Re1 f6 28. Rd1 Bd4 29. Rda1 Kf7 30. R1a6 Rxe7 31. Rxe7+ Kxe7 32. Rxb6 f3 33. Kd2 Kf7 34. b4 cxb4 35. Rxb4 Kg6 36. Rb7 h6 37. Rb5 Be5 38. Ke3 Bxh2 39. Kxf3 Kf7 40. Rb7+ Ke6 41. Rh7 Be5 42. Rxh6 Kd6 43. Rh1 Kc5 44. Rc1 Bb2 45. Rc2 Be5 46. Ke4 Ba1 47. Kf5 Bd4 48. Kg6 Ba1 49. Rf2 Kxc4 50. Rxf6 Kd5 51. Ra6 Bc3 52. g5 Bd2 53. Kf6 1-0

[Event "Las Palmas Insular-chT Segunda-A 1617"]
[Site "Las Palmas"]
[Date "2016.11.05"]
[Round "3.2"]
[White "Mengibar Martinez, Manuel"]
[Black "Yanez Santana, Ivan Jose"]
[Result "0-1"]
[WhiteElo "1608"]
[BlackElo "1644"]
[PlyCount "54"]
[EventDate "2016.10.22"]
[EventType "team-tourn"]
[EventRounds "14"]
[EventCountry "ESP"]
[SourceTitle "EXT 2018"]
[Source "ChessBase"]
[SourceDate "2017.10.13"]
[SourceVersion "1"]
[SourceVersionDate "2017.10.13"]
[SourceQuality "1"]
[WhiteTeam "San Mateo Servitel"]
[BlackTeam "Villa de Teror IV"]
[WhiteTeamCountry "ESP"]
[BlackTeamCountry "ESP"]

1. e4 e6 2. d4 d5 3. exd5 exd5 4. Bd3 Nf6 5. Bg5 h6 6. Bh4 Bd6 7. c3 c6 8. Ne2 0-0 9. 0-0 Bxh2+ 10. Kh1 Bd6 11. Nd2 Be6 12. Nf3 Nbd7 13. Qd2 Re8 14. Rfe1 Bg4 15. Nfg1 Nf8 16. f3 Bh5 17. Nh3 Bg6 18. Nhf4 Bxd3 19. Nxd3 Ng6 20. Bg3 Rxe2 21. Rxe2 Bxg3 22. Ne5 Nxe5 23. dxe5 Ne4 24. Qe3 Qh4+ 25. Kg1 Bh2+ 26. Kf1 Ng3+ 27. Ke1 Nf5+ 0-1

[Event "Las Palmas Insular-chT Pref-B"]
[Site "Las Palmas"]
[Date "2015.10.17"]
[Round "1.3"]
[White "Mengibar Martinez, Manuel"]
[Black "Sanchez Montesdeoca, Isaac"]
[Result "0-1"]
[WhiteElo "1816"]
[BlackElo "1742"]
[PlyCount "56"]
[EventDate "2015.10.17"]
[EventType "team-tourn"]
[EventRounds "14"]
[EventCountry "ESP"]
[SourceTitle "CBM 170 Extra"]
[Source "ChessBase"]
[SourceDate "2016.02.25"]
[SourceVersion "1"]
[SourceVersionDate "2016.02.25"]
[SourceQuality "1"]
[WhiteTeam "Panaderia Pulido San Mateo"]
[BlackTeam "El Puerto de Santa Lucia"]
[WhiteTeamCountry "ESP"]
[BlackTeamCountry "ESP"]

1. e4 b6 2. Nf3 Bb7 3. Nc3 e6 4. Bc4 Bb4 5. d3 Qe7 6. 0-0 Bxc3 7. bxc3 d6 8. Ba3 Qd7 9. Re1 Ne7 10. e5 Bxf3 11. Qxf3 d5 12. Bb3 a5 13. Bxe7 Kxe7 14. a4 Na6 15. d4 c5 16. dxc5 bxc5 17. c4 d4 18. c3 Rhd8 19. Rad1 Rab8 20. Bc2 h6 21. Re4 Rb2 22. Qd3 dxc3 23. Qxc3 Qxd1+ 24. Bxd1 Rxd1+ 25. Re1 Rbb1 26. Kf1 Rxe1+ 27. Qxe1 Rxe1+ 28. Kxe1 Nb4 0-1

[Event "Las Palmas Insular-chT Pref-A"]
[Site "Las Palmas"]
[Date "2014.12.13"]
[Round "2.3"]
[White "Mengibar Martinez, Manuel"]
[Black "Suarez Ramirez, Jonay"]
[Result "1/2-1/2"]
[WhiteElo "1943"]
[BlackElo "1554"]
[PlyCount "124"]
[EventDate "2014.11.22"]
[EventType "team-tourn"]
[EventRounds "14"]
[EventCountry "ESP"]
[SourceTitle "EXT 2016"]
[Source "ChessBase"]
[SourceDate "2015.10.08"]
[SourceVersion "1"]
[SourceVersionDate "2015.10.08"]
[SourceQuality "1"]
[WhiteTeam "Pulido San Mateo"]
[BlackTeam "Canarias de Vecindario"]
[WhiteTeamCountry "ESP"]
[BlackTeamCountry "ESP"]

1. e4 c5 2. Nf3 Nc6 3. d4 cxd4 4. Nxd4 g6 5. Be3 Bg7 6. c3 Nf6 7. Nd2 0-0 8. Be2 d5 9. Qc2 Kh8 10. f3 Qc7 11. Nb5 Qd8 12. Nd4 a6 13. 0-0-0 Qc7 14. g4 dxe4 15. Nxe4 Nd5 16. Bf2 Rd8 17. h4 b5 18. h5 Nxd4 19. Bxd4 Qf4+ 20. Kb1 Be6 21. hxg6 fxg6 22. Nc5 Bf7 23. Bxg7+ Kxg7 24. Qe4 Qxe4+ 25. Nxe4 Nf4 26. Rxd8 Rxd8 27. Rd1 Rxd1+ 28. Bxd1 Bc4 29. Kc2 Bd3+ 30. Kd2 Bxe4 31. fxe4 Kf6 32. Ke3 e5 33. a4 Ne6 34. Be2 Nc7 35. axb5 Nxb5 36. c4 Nd4 37. Bd1 a5 38. Ba4 Ke7 39. c5 Ke6 40. Kd3 h5 41. gxh5 gxh5 42. Bd1 h4 43. Bg4+ Kf6 44. Kc4 Kg5 45. Bh3 Kf4 46. Kd5 a4 47. Bd7 Nc2 48. Bf5 Nd4 49. c6 Nxf5 50. exf5 h3 51. c7 h2 52. c8Q h1Q+ 53. Ke6 Qh6+ 54. Kd5 Qf6 55. Qc4+ Kxf5 56. Qxa4 Qd8+ 57. Kc5 Qc7+ 58. Kb4 Qd6+ 59. Kc3 Qc5+ 60. Kd3 Qd6+ 61. Kc3 Qc5+ 62. Kd3 Qd6+ 1/2-1/2